Надежность аппаратно-программных комплексов: учебное пособие для вузов

Bibliografische gegevens
Hoofdauteur: Черкесов Г. Н. Геннадий Николаевич
Samenvatting:В учебном пособии дается систематическое изложение аналитических методов оценки надежности аппаратно-программных комплексов и практических методов обеспечения надежности. Данная книга является усовершенствованным вариантом учебного пособия Г. Н. Черкесова «Основы теории надежности АСУ», которое было опубликовано в 1975 году и прошло многолетнюю апробацию в учебном процессе СПбГТУ и других вузов. Рекомендовано Министерством образования Российской Федерации в качестве учебного пособия по дисциплине «Надежность, эргономика и качество» для студентов высших учебных заведений, обучающихся по направлению подготовки дипломированных специалистов 654600 «Информатика и вычислительная техника» и направлению подготовки бакалавров и магистров 552800 «Информатика и вычислительная техника».
Taal:Russisch
Gepubliceerd in: СПб., Питер, 2005
Reeks:Издательская программа "300 лучших учебников для высшей школы в честь 300-летия Санкт-Петербурга"
Учебное пособие
Onderwerpen:
Formaat: MixedMaterials Boek
KOHA link:https://koha.lib.tpu.ru/cgi-bin/koha/opac-detail.pl?biblionumber=96481

MARC

LEADER 00000nam0a2200000 4500
001 96481
005 20231031110552.0
010 |a 5469001024 
035 |a (RuTPU)RU\TPU\book\103289 
090 |a 96481 
100 |a 20060515d2005 m y0rusy50 ca 
101 0 |a rus 
102 |a RU 
105 |a a j 001zy 
200 1 |a Надежность аппаратно-программных комплексов  |e учебное пособие для вузов  |f Г. Н. Черкесов 
210 |a СПб.  |c Питер  |d 2005 
215 |a 479 с.  |c ил. 
225 1 |a Издательская программа "300 лучших учебников для высшей школы в честь 300-летия Санкт-Петербурга" 
225 1 |a Учебное пособие 
320 |a Библиогр.: с. 473. 
320 |a Алфавитный указатель: с. 474-478. 
330 |a В учебном пособии дается систематическое изложение аналитических методов оценки надежности аппаратно-программных комплексов и практических методов обеспечения надежности. Данная книга является усовершенствованным вариантом учебного пособия Г. Н. Черкесова «Основы теории надежности АСУ», которое было опубликовано в 1975 году и прошло многолетнюю апробацию в учебном процессе СПбГТУ и других вузов. Рекомендовано Министерством образования Российской Федерации в качестве учебного пособия по дисциплине «Надежность, эргономика и качество» для студентов высших учебных заведений, обучающихся по направлению подготовки дипломированных специалистов 654600 «Информатика и вычислительная техника» и направлению подготовки бакалавров и магистров 552800 «Информатика и вычислительная техника». 
610 1 |a аппаратно-программные комплексы 
610 1 |a надежность 
610 1 |a повышение 
610 1 |a оценка 
610 1 |a информационное обеспечение 
610 1 |a программное обеспечение 
610 1 |a учебные пособия 
675 |a 681.3.06(075.8)  |v 3 
700 1 |a Черкесов  |b Г. Н.  |g Геннадий Николаевич 
801 1 |a RU  |b 63413507  |c 20060515  |g PSBO 
801 2 |a RU  |b 63413507  |c 20210531  |g PSBO 
900 |a Информатика 
900 |a Вычислительная техника 
900 |a Надежность информационных систем 
900 |a Администрирование информационных систем 
900 |a Администрирование в информационных системах 
942 |c BK 
952 |b 230000  |b 230100 
959 |a 28/20060512  |d 5  |e 194,59  |f АНЛ:1  |f ЧЗТЛ:1  |f УФ:3